| 000 | 00669nam a2200229 a 4500 | ||
|---|---|---|---|
| 001 | BRCA_7712 | ||
| 005 | 20190320205947.0 | ||
| 008 | 300813s1952----enka######---#000-0#eng-# | ||
| 041 | _aeng | ||
| 044 | _aenk | ||
| 050 | 4 |
_aNK7144 _b.R44 1952 |
|
| 245 | 1 | 0 |
_aRegency domestic silver _cVictoria and Albert Museum. |
| 260 |
_aLondres _bH. M. Stationary Office _c1952 |
||
| 300 |
_a3 p. _bil., 32 láminas _c18 cm. |
||
| 440 | 0 |
_aIts small picture book _v33 _919070 |
|
| 500 | _aU49 | ||
| 650 | 1 | 4 |
_aPlatería inglesa _97768 |
| 650 | 1 | 4 |
_aGalerías y museos _zInglaterra _919071 |
| 710 | 2 |
_aVictoria and Albert Museum (Londres) _919072 |
|
| 902 | _aGFM | ||
| 942 |
_2lcc _cB |
||
| 999 |
_c7386 _d7386 |
||